| 000 | 00440nam a2200133Ia 4500 | ||
|---|---|---|---|
| 008 | 220216s9999 xx 000 0 und d | ||
| 100 | _aNataraja K N | ||
| 245 | 0 | _aClonal variations in leaf photosynthesis in Hevea brasiliensis | |
| 260 | _bIn: National Symposium on Current Trends in Plant Physiology and Plant Biochemistry, January 29-31, 1998, pp. 166 | ||
| 700 | _aJacob J | ||
| 700 | _aMeenattoor R | ||
| 856 | _uReprt | ||
| 942 | _cJS | ||
| 999 |
_c55749 _d55749 |
||